Lot Lidi dari aspek proses dan prosedur perancangan di pihak berkuasa tempatan (PBT), Kajian kes : Majlis Perbandaran Sepang, NAPREC (R&D) 04/2023

Bibliographic Details
Main Authors: Siti Kartina Juhari (Author), Ihfasuziela Ibrahim (Author), Ishak Che Abdullah (Author), Noraini Omar Chong (Author), Rohana Ramli (Author)
Format: Book
Language:Malay
English
Published: Malaysia : The National Real Property Research Coordinator (NAPEC); Valuation & Property Services Department, Ministry of Finance 2004
Subjects:

MARC

LEADER 00000cam a2200000 7i4500
001 0000031041
005 20250707.0
008 250421 my a may
040 |a INS   |b eng   |c INS   |e rda 
041 0 |a eng 
090 0 0 |a RESEARCH 410 
100 0 |a Siti Kartina Juhari ,   |e author 
245 1 0 |a Lot Lidi dari aspek proses dan prosedur perancangan di pihak berkuasa tempatan (PBT), Kajian kes : Majlis Perbandaran Sepang, NAPREC (R&D) 04/2023   |c PTr Dr Siti Kartina Binti Juhari (Ketua Penyelidikan), Gs Dr Ishak Bin Che Abdullah, TPr Dr Noraini Binti Omar Chong (Universiti Teknologi Mara), Ts Dr Ihfasuziela Binti Ramli (Cream), TPr Dr Rohana Binti Ramli (Majlis Bandaraya Subang Jaya) 
264 1 |a Malaysia :   |b The National Real Property Research Coordinator (NAPEC); Valuation & Property Services Department, Ministry of Finance   |c 2004 
300 |a 149 pages :   |b illustrations, some colour photographs, maps ;   |c 31 cm. 
336 |a text  |2 rdacontent 
337 |a unmediated  |2 rdamedia 
338 |a volume  |2 rdacarrier 
504 |a Includes bibliographical references 
610 2 0 |a National Real Estate Research Coordinator (NAPEC) 
650 0 |a City planning   |x Law and legislation 
650 0 |a Land subdivision   |x Planning   |z Malaysia 
650 0 |a Lot lidi (Tanah kecil)   |x Undang-undang dan peraturan   |z Malaysia 
650 0 |a Municipal government   |z Malaysia   |x Case studies 
651 1 |a Sepang (Malaysia)   |x Planning 
700 0 |a Ihfasuziela Ibrahim ,   |e author 
700 0 |a Ishak Che Abdullah ,   |e author 
700 0 |a Noraini Omar Chong ,   |e author 
700 0 |a Rohana Ramli ,   |e author 
999 |a RES0000707   |b BOOK   |c Research By JPPH Staff   |e Default branch 
999 |a RES0000708   |b BOOK   |c Research By JPPH Staff   |e Default branch